01906cam a22003134a 45000010009000000050017000090080041000260100017000670160020000840200015001040200018001190350023001370350020001600400064001800420008002440500025002520820015002772450123002922600061004153000034004765040051005105050860005616500036014216500028014576500031014856500029015167000020015457000027015651451123320161109153311.0060811s2007 maua b 001 0 eng  a 20060265987 a1012848892DNLM a0763740403 a9780763740405 a(OCoLC)ocm71139325 a(OCoLC)71139325 aDNLM/DLCcDLCdNLMdBAKERdC#PdYDXdYDXCPdBTCTAdCOUdDLC apcc00aRT81.5 b.I5844 200700a610.7222200aIntroduction to nursing research :bincorporating evidence-based practice /c[edited by] Carol Boswell, Sharon Cannon. aSudbury, Mass. :bJones and Bartlett Publishers,cc2007. axvi, 367 p. :bill. ;c23 cm. aIncludes bibliographical references and index.0 aConnection between research and evidence-based practice / Sharon Cannon and Carol Boswell -- Overview of research / Sharon Cannon and Margaret Robinson -- Ethics and nursing research / Jane Sumner -- Problem statement, research question, hypothesis / Lucy B. Trice and Kathaleen C. Bloom -- Literature review: searching and writing the evidence / Dorothy Jackson -- Sampling / Kathaleen C. Bloom and Lucy B. Trice -- Quantitative research design / Sharon Cannon -- Qualitative research methods / Donna Scott-Tilley -- Data collection / Carol Boswell -- Mixed method research / JoAnn Long and Carol Boswell -- Reliability, validity, and trustworthiness / James Eldridge -- Data analysis / James Eldridge -- Critique process / Carol Boswell and Sharon Cannon -- Application of evidence-based nursing practice with research / Sharon Cannon and Carol Boswell. 0aNursingxResearchxMethodology. 0aEvidence-based nursing.12aNursing Researchxmethods.22aEvidence-Based Medicine.1 aBoswell, Carol.1 aCannon, Sharon,d1940-